Statistics for Australian Diaspora by Country

Click here to take the quiz!

General Stats

  • This quiz has been taken 62 times
  • The average score is 19 of 24

Answer Stats

ExpatsCountry% Correct
135,000United Kingdom
100%
70,000New Zealand
98%
103,000United States
98%
35,000Canada
96%
11,000Indonesia
96%
10,000Japan
96%
115,000China
94%
30,000Italy
91%
12,000South Korea
91%
15,000Germany
89%
7,000South Africa
87%
100,000Greece
85%
8,000Ireland
81%
22,000Vietnam
79%
20,000Singapore
77%
15,000Netherlands
74%
6,000Philippines
74%
20,000Thailand
74%
12,000Turkey
68%
16,000United Arab Emirates
68%
15,000Papua New Guinea
62%
7,000Taiwan
58%
14,000Israel
53%
25,000Lebanon
43%

Score Distribution

Percentile by Number Answered

Percent of People with Each Score

Your Score History

You have not taken this quiz